The waiting game [DVD/videorecording] / Blue Wave ... Read More
Available copies
- 1 of 1 copy available at LARL/NWRL Consortium.
Current holds
0 current holds with 1 total copy.
Show All Copies
| Location | Call Number / Copy Notes | Barcode | Shelving Location | Status | Due Date |
|---|---|---|---|---|---|
| Greenbush Public Library | DVD WAI (Text) | 35500004781652 | Main | Available | - |
Record details
- Physical Description: 1 videodisc (91 min.) : sd., col. ; 4 3/4 in.
- Publisher: LaCrosse, WI : Echo Bridge Home Entertainment, 2009
Content descriptions
| General Note: | Title from container. Based on the novel by Jayne Anne Krentz. Originally broadcast as a television motion picture in 1998. |
| Creation/Production Credits Note: | Director of photography, Vic Sarin ; editor, Peter ... Read More |
| Participant or Performer Note: | Chris Potter, Chandra West, Art Hindle, John ... Read More |
| Summary, etc.: | Sarah Frazer and Amy Fuentes are college friends ... Read More |
| Target Audience Note: | Not rated; contains adult situations, violence and ... Read More |
| System Details Note: | DVD. |
Search for related items by subject
| Subject: | Friendship > Drama. Conspiracy > Drama. Gifts > Drama. Triangles (Interpersonal relations) > Drama. Deception > Drama. |
| Genre: | Thrillers (Motion pictures) Made-for-TV movies. |
| LDR | 03813cgm a2200733Ia 4500 | ||
|---|---|---|---|
| 001 | 124078 | ||
| 003 | LARL_NWRL_CONSORTIUM | ||
| 005 | 20101026141206.0 | ||
| 007 | vd cvaizu | ||
| 008 | 090119s2009 wiu091 vleng d | ||
| 024 | 1 | . | ‡a096009700393 |
| 028 | 4 | 2. | ‡a70039 ‡bEcho Bridge Home Entertainment |
| 035 | . | ‡a(OCoLC)298736737 | |
| 037 | . | ‡bMidwest Tape ‡nhttp://www.midwesttapes.com | |
| 040 | . | ‡aTEFMT ‡cTEFMT ‡dTEF ‡dOCLCQ ‡dNRG | |
| 049 | . | ‡aNRGQ | |
| 050 | 1 | 4. | ‡aPN1992.77 ‡b.W35 2009 |
| 082 | 0 | 4. | ‡a791.45/72 ‡222 |
| 245 | 0 | 4. | ‡aThe waiting game ‡h[DVD/videorecording] / ‡cBlue Wave Films Inc. and Ventures for Two No. 1 Productions Ltd. ; an Echo Bridge Home Entertainment release of an Alliance Atlantis presentation produced by Second Wave Productions and Alliance Communications Corporation in association with CTV and Showtime Networks with the participation of Canada Television and Cable Production Fun, the Nova Scotia Film Industry Tax Credit ; producer, Gilles Belanger ; screen story by Barbara O'Kelly ; teleplay by Barbara O'Kelly, Jennifer Black, Peter Lauterman ; directed by Vic Sarin. |
| 246 | 1 | . | ‡iAt head of title: ‡aHarlequin |
| 246 | 3 | . | ‡aPresentation of Harlequin's The waiting game |
| 260 | . | ‡aLaCrosse, WI : ‡bEcho Bridge Home Entertainment, ‡c2009 | |
| 300 | . | ‡a1 videodisc (91 min.) : ‡bsd., col. ; ‡c4 3/4 in. | |
| 538 | . | ‡aDVD. | |
| 500 | . | ‡aTitle from container. | |
| 511 | 1 | . | ‡aChris Potter, Chandra West, Art Hindle, John Pyper-Ferguson, Jonathan Crombie, Paula Abdul. |
| 508 | . | ‡aDirector of photography, Vic Sarin ; editor, Peter Light ; music, John McCarthy. | |
| 500 | . | ‡aBased on the novel by Jayne Anne Krentz. | |
| 500 | . | ‡aOriginally broadcast as a television motion picture in 1998. | |
| 521 | . | ‡aNot rated; contains adult situations, violence and profanity. | |
| 520 | . | ‡aSarah Frazer and Amy Fuentes are college friends who become the center of a seductive conspiracy when Sarah's Uncle Lowell unexpectedly visits their art gallery. Claiming he has a gift from a recent vacation to Mexico, Lowell insists Sarah visit his estate. But when Sarah arrives there, Adrian, a handsome stranger who claims to know Lowell, is waiting. Meanwhile, Carl, a real estate investor, has Amy coughing up clues on Lowell's whereabouts. Both Sarah and Amy fall for the mysterious men, but neither Carl nor Adrian are who they say they are, and the women may be no more than pawns in their game of deception. | |
| 650 | 0. | ‡aFriendship ‡vDrama. ‡0(LARL_NWRL_CONSORTIUM)172253 | |
| 650 | 0. | ‡aConspiracy ‡vDrama. | |
| 650 | 0. | ‡aGifts ‡vDrama. | |
| 650 | 0. | ‡aTriangles (Interpersonal relations) ‡vDrama. ‡0(LARL_NWRL_CONSORTIUM)167764 | |
| 650 | 0. | ‡aDeception ‡vDrama. ‡0(LARL_NWRL_CONSORTIUM)171830 | |
| 655 | 0. | ‡aThrillers (Motion pictures) ‡0(LARL_NWRL_CONSORTIUM)175789 | |
| 655 | 0. | ‡aMade-for-TV movies. ‡0(LARL_NWRL_CONSORTIUM)175746 | |
| 700 | 1 | . | ‡aBélanger, Gilles. |
| 700 | 1 | . | ‡aO'Kelly, Barbara. |
| 700 | 1 | . | ‡aBlack, Jennifer. |
| 700 | 1 | . | ‡aLauterman, Peter. |
| 700 | 1 | . | ‡aSarin, Victor. ‡0(LARL_NWRL_CONSORTIUM)179564 |
| 700 | 1 | . | ‡aPotter, Chris, ‡d1960- ‡0(LARL_NWRL_CONSORTIUM)207241 |
| 700 | 1 | . | ‡aWest, Chandra, ‡d1970- ‡0(LARL_NWRL_CONSORTIUM)207018 |
| 700 | 1 | . | ‡aHindle, Art. ‡0(LARL_NWRL_CONSORTIUM)220371 |
| 700 | 1 | . | ‡aPyper-Ferguson, John. |
| 700 | 1 | . | ‡aCrombie, Jonathan. ‡0(LARL_NWRL_CONSORTIUM)136168 |
| 700 | 1 | . | ‡aAbdul, Paula. ‡0(LARL_NWRL_CONSORTIUM)138039 |
| 700 | 1 | . | ‡aKrentz, Jayne Ann. ‡tWaiting game. |
| 710 | 2 | . | ‡aBlue Wave Films, Inc. |
| 710 | 2 | . | ‡aVentures for Two No. 1 Productions, Ltd. |
| 710 | 2 | . | ‡aEcho Bridge Home Entertainment (Firm) |
| 710 | 2 | . | ‡aAlliance Atlantis (Firm) ‡0(LARL_NWRL_CONSORTIUM)146216 |
| 710 | 2 | . | ‡aSecond Wave Productions. |
| 710 | 2 | . | ‡aAlliance Communications. ‡0(LARL_NWRL_CONSORTIUM)204670 |
| 710 | 2 | . | ‡aCTV Television Network. ‡0(LARL_NWRL_CONSORTIUM)205914 |
| 710 | 2 | . | ‡aShowtime Networks. ‡0(LARL_NWRL_CONSORTIUM)142213 |
| 710 | 2 | . | ‡aCanada Television and Cable Production Fund. |
| 710 | 2 | . | ‡aNova Scotia Film Industry Tax Credit (Firm) |
| 994 | . | ‡aC0 ‡bNRG | |
| 901 | . | ‡a124078 ‡bOCLC ‡c124078 ‡tbiblio | |

Add to basket
Permalink
Disable Highlighting